Sports Quiz

Random Sports or MLB Quiz
Score 0/30 Timer 10:00
0 Plays Today
Hint Answer % Correct
new york mets
100%
houston astros
100%
boston red sox
50%
baltimore orioles
50%
new york yankees
50%
tampa bay rays
50%
toronto blue jays
50%
atlanta brave
50%
miami marlins
50%
philadelphia phillies
50%
washington nationals
50%
chicago white sox
50%
cleveland indians
50%
detroit tigers
50%
kansas city royals
50%
Hint Answer % Correct
chicago cubs
50%
cincinnati reds
50%
milwaukee brewers
50%
pittsburgh pirates
50%
st. louis cardinals
50%
seattle mariners
50%
texas rangers
50%
arizona diamondbacks
50%
colorado rockies
50%
los angeles dodgers
50%
san diego padres
50%
minnisota twins
0%
los angeles angelsoakland athletics
0%
san fransico giants
0%
0%

You're not logged in!

Compare scores with friends on all Sporcle quizzes.
OR
Log In

From the Vault

In-N-Out Burger Locations

by natiator3

Now that IS a tasty burger.
Remove Ads.
Support Sporcle.
Get the best of Sporcle when you Go Orange. This ad-free experience offers more features, more stats, and more fun while also helping to support Sporcle. Thank you for becoming a member.

Show Comments

Extras

Created Oct 8, 2013ReportNominate
Tags:Baseball Quiz, MLB Quiz, team

Top Quizzes Today


Score Distribution

Your Account Isn't Verified!

In order to create a playlist on Sporcle, you need to verify the email address you used during registration. Go to your Sporcle Settings to finish the process.

Report this User

Report this user for behavior that violates our Community Guidelines.

Details: